Health Psychology Theory, research & practice (Record no. 5412)

MARC details
000 -LEADER
fixed length control field 00608nam a22002177a 4500
003 - CONTROL NUMBER IDENTIFIER
control field OSt
005 - DATE AND TIME OF LATEST TRANSACTION
control field 20161129143131.0
008 - FIXED-LENGTH DATA ELEMENTS--GENERAL INFORMATION
fixed length control field 161129b xxu||||| |||| 00| 0 eng d
020 ## - INTERNATIONAL STANDARD BOOK NUMBER
International Standard Book Number 1412903378
040 ## - CATALOGING SOURCE
Transcribing agency DDC
082 ## - DEWEY DECIMAL CLASSIFICATION NUMBER
Classification number WM100 H124m 2005
100 ## - MAIN ENTRY--PERSONAL NAME
Personal name Marks, David F. [et...al]
9 (RLIN) 11317
245 ## - TITLE STATEMENT
Title Health Psychology Theory, research & practice
250 ## - EDITION STATEMENT
Edition statement 2nd ed.
260 ## - PUBLICATION, DISTRIBUTION, ETC. (IMPRINT)
Place of publication, distribution, etc. London; Sage publications, 2005
300 ## - PHYSICAL DESCRIPTION
Extent xii,485p; ill: 24.5cm
504 ## - BIBLIOGRAPHY, ETC. NOTE
Bibliography, etc Glossary, bibliography, & index included
650 ## - SUBJECT ADDED ENTRY--TOPICAL TERM
Topical term or geographic name as entry element Health psychology
9 (RLIN) 8882
650 ## - SUBJECT ADDED ENTRY--TOPICAL TERM
Topical term or geographic name as entry element Psychiatry
9 (RLIN) 351
942 ## - ADDED ENTRY ELEMENTS (KOHA)
Source of classification or shelving scheme Other/Generic Classification Scheme
Koha item type Open Shelf
Holdings
Withdrawn status Lost status Source of classification or shelving scheme Damaged status Not for loan Home library Current library Date acquired Source of acquisition Inventory number Total Checkouts Full call number Barcode Date last seen Koha item type
    Dewey Decimal Classification     MUST Main Library MUST Main Library 29/11/2016   10/32265   WM100 H124m 2005 2016-4967 29/11/2016 Open Shelf